000 00435nam a2200169 a 4500
001 7066
003 CO-ViMGA
008 141112s2004 ck r 000 u spa d
040 _aCO-ViMGA
_bspa
_cCO-ViMGA
082 0 4 _a691.3 L683
100 1 _aLove, T.W
_96139
245 1 0 _aEl concreto en la construcción
260 _aMexico :
_bTrillas,
_c1996
300 _a173 p : il
650 1 4 _aCONCRETO - CONSTRUCCIONES
_96140
942 _2ddc
_cBK
999 _c19031
_d19031